| 000 | 00361cam a2200145ua 4500 | ||
|---|---|---|---|
| 041 |
_ahin _h |
||
| 082 |
_a891.54 _bBAL/SA |
||
| 100 | _aBalakrishan, . | ||
| 245 |
_aSansar ki sarvasresht kahaniyam / _cBalakrishan. _hTextual Documents |
||
| 260 |
_a : _bHindi Prakat Buvasi , _c1962. |
||
| 300 | _a125 ; . | ||
| 504 | _a | ||
| 942 | _cBK | ||
| 999 |
_c2638 _d2638 |
||